000
00291nam a2200133 i 4500
001
bg
245
0
_a
Chambers's encyclopedia. Vol.1: A-Autotomy.
260
_a
London,
_c
1950.
040
_c
BPK
041
_a
pol
080
_a
0/9
942
_c
KS
008
s pl f |000 0 pol
999
_c
7898
_d
7898